Central Library OPAC University of Rajshahi

গরীবের মেয়ে / (Record no. 56482)

MARC details
000 -LEADER
fixed length control field 00761nam a2200217 a 4500
001 - CONTROL NUMBER
control field 56482
003 - CONTROL NUMBER IDENTIFIER
rucl marc code BD-RjUL
005 - DATE AND TIME OF LATEST TRANSACTION
control field 20211209080413.0
008 - FIXED-LENGTH DATA ELEMENTS--GENERAL INFORMATION
fixed length control field 161129s1958 bg ||||| |||| 00| 0 ben d
035 ## - SYSTEM CONTROL NUMBER
System control number (BD-RjUL) 56606
040 ## - CATALOGING SOURCE
Original cataloging agency BD-RjUL
Language of cataloging ben
Transcribing agency BD-RjUL
041 ## - LANGUAGE CODE
Language code of text/sound track or separate title ben
082 ## - DEWEY DECIMAL CLASSIFICATION NUMBER
Edition number 23
Classification number 891.443
Author mark and year DEG 1958
100 ## - MAIN ENTRY--PERSONAL NAME
Personal name দেবী, অনুরূপা
9 (RLIN) 136174
245 10 - TITLE STATEMENT
Title গরীবের মেয়ে /
Statement of responsibility, etc. অনুরূপা দেবী
260 ## - PUBLICATION, DISTRIBUTION, ETC. (IMPRINT)
Place of publication, distribution, etc. ঢাকা :
Name of publisher, distributor, etc. গুরুদাস এ্যান্ড সন্স,
Date of publication, distribution, etc. ১৯৫৮ [?]
300 ## - PHYSICAL DESCRIPTION
Pagination ৩৫০ পৃ. ;
Size ১৮ সেমি .
650 ## - SUBJECT ADDED ENTRY--TOPICAL TERM
Topical term or geographic name as entry element বাংলা উপন্যাস
9 (RLIN) 167985
Topical term or geographic name as entry element Bengali Fictions
9 (RLIN) 167986
942 ## - ADDED ENTRY ELEMENTS (KOHA)
Source of classification or shelving scheme Dewey Decimal Classification
Koha item type Books
Holdings
Lost status Source of classification or shelving scheme Damaged status Not for loan Collection code Permanent Location Current Location Shelving location Date acquired Source of acquisition Cost, normal purchase price Total Checkouts Full call number Date last seen Copy number Koha item type
  Dewey Decimal Classification     Fiction Central Library, University of Rajshahi Central Library, University of Rajshahi   01/02/1958 Komola Book 4.50   B 891.443 DEG 1958 29/11/2016 C-2 Books